000 00338 a2200157 4500
001 56618
020 _a
040 _cAnchieta - Pituba
100 _aAnjos, Joana dos
240 1 0 _aOuvindo histórias na senzala
_lpor
245 1 0 _aOuvindo histórias na senzala
300 _a120
362 0 _a1987
650 4 _aBrasil
942 _cBK
999 _c56618
_d56618